Influencia del tamaño máximo de los agregados y de la calidad de la pasta de cemento en la resistencia de las mezclas de hormigón.
Gespeichert in:
| 1. Verfasser: | |
|---|---|
| Format: | Unbekannt |
| Veröffentlicht: |
[San José, Costa Rica]
1967
|
| Schlagworte: | |
| Tags: |
Tag hinzufügen
Keine Tags, Fügen Sie den ersten Tag hinzu!
|
MARC
| LEADER | 00000 a2200000 4500 | ||
|---|---|---|---|
| 003 | 011198 | ||
| 005 | 20221231143810.0 | ||
| 008 | 140114s1967 c a m 000 ||s d | ||
| 040 | |c cru CEDI | ||
| 090 | |a TFG 235 | ||
| 100 | |a Morales Novoa, José Alberto |9 17620 | ||
| 245 | |a Influencia del tamaño máximo de los agregados y de la calidad de la pasta de cemento en la resistencia de las mezclas de hormigón. | ||
| 260 | |c 1967 |a [San José, Costa Rica] | ||
| 300 | |a 41 hojas : cuadros gráicos ilustraciones (algunas plegables) ; 29 cm | ||
| 500 | |a Tesis (ingeniero civil) Universidad de Costa Rica. | ||
| 501 | |a Ed. mimeografiada. | ||
| 650 | |x HORMIGON |9 17619 | ||
| 942 | |c TFG | ||
| 999 | |c 12141 |d 12141 | ||
